000 00686nam a2200229 a 4500
001 BRCA_852
005 20190320203157.0
008 711119s2008 ag-a---###---#001-0#spa-#
020 _a9789876200714
041 _aspa
044 _aag
050 4 _aN8070
_b.S34 2008
100 1 _aSchenone, Héctor
_92844
245 1 0 _aSanta María
_biconografía del arte colonial
_cHéctor Schenone.
260 _aBuenos Aires
_bEditorial de la Universidad Católica Argentina
_c2008
300 _a636 p.
_bil. (algunas a color)
_c28 cm.
504 _aBibliografía: p. 607-621
650 1 4 _aArte religioso
_92845
650 1 4 _aArte cristiano y simbolismo
_92565
902 _aREF
942 _2lcc
_cB
999 _c747
_d747